| 000 | 010740000a22002650004500 | ||
|---|---|---|---|
| 003 | EG-GICUC | ||
| 005 | 20250223025405.0 | ||
| 008 | 080713s1999 ua d f m 000 0 eng d | ||
| 040 |
_aEG-GICUC _beng _cEG-GICUC |
||
| 041 | 0 | _aEng | |
| 049 | _aDeposite | ||
| 097 | _aPh.D | ||
| 099 | _aCai01.13.07.Ph.D.1999.Ah.G | ||
| 100 | 0 | _aAhmed Ibrahim Baaleh | |
| 245 | 1 | 0 |
_aGenetic algorithms based approach for power system stabilizer design / _cAhmed Ibrahim Baaleh ; Supervised Ahmed F.Sakr |
| 246 | 1 | 5 | _aاسلوب لتصميم متحكم الاستقرار فى انظمة القوى الكهربية بالاعتماد على الخوارزميات الوراثية |
| 260 |
_aCairo : _bAhmed Ibrahim Baaleh , _c1999 |
||
| 300 |
_a118Leaves : _bcharts ; _c30cm |
||
| 502 | _aThesis (Ph.D.) - Cairo University - Faculty Of Engineering - Department Of Electrical Power and Machines | ||
| 700 | 0 |
_aAhmed Mohamed Fahim Sakr , _eSupervisor |
|
| 856 | _uhttp://172.23.153.220/th.pdf | ||
| 905 |
_aMustafa _eRevisor |
||
| 905 |
_aSamia _eCataloger |
||
| 942 |
_2ddc _cTH |
||
| 999 |
_c12007 _d12007 |
||